[Event "58h World U20 ch"]
[Site "New Delhi IND"]
[Date "2019.10.17"]
[Round "3.3"]
[White "Haria, Ravi"]
[Black "Praggnanandhaa, Rameshbabu"]
[Result "1/2-1/2"]
[WhiteElo "2463"]
[BlackElo "2567"]
[EventDate "2019.10.15"]
[PlyCount "60"]

1.Nf3 Nf6 2.g3 b5 3.Bg2 Bb7 4.Na3 a6 5.c4 e5 6.b3 Bc5 7.O-O O-O 8.e3 Qe7 
9.Nc2 e4 10.Nfd4 d6 11.Bb2 bxc4 12.Nf5 Qe6 13.Bh3 Kh8 14.Bg4 Nbd7 15.h3 
cxb3 16.axb3 Qe8 17.Nxg7 Kxg7 18.Bxd7 Qxd7 19.Qh5 h6 20.Ra5 Rfe8 21.Qh4 
Qe6 22.b4 Bb6 23.Rh5 Rh8 24.g4 Rag8 25.Rf5 Kf8 26.Rxf6 Qb3 27.Rxh6 Qxb2 
28.Qd8+ Kg7 29.Qg5+ Kf8 30.Qd8+ Kg7 1/2-1/2

[Event "58h World U20 ch"]
[Site "New Delhi IND"]
[Date "2019.10.17"]
[Round "3.4"]
[White "Amartuvshin, Ganzorig"]
[Black "Santos Ruiz, Miguel"]
[Result "0-1"]
[WhiteElo "2391"]
[BlackElo "2560"]
[EventDate "2019.10.15"]
[PlyCount "60"]

1.d4 Nf6 2.c4 e6 3.Nc3 Bb4 4.f3 c5 5.d5 d6 6.e4 O-O 7.Bd3 b5 8.cxb5 exd5 
9.exd5 Nbd7 10.Ne2 a6 11.O-O Qb6 12.Kh1 Ne5 13.Bg5 Nfd7 14.Bc2 axb5 15.Ne4
Bb7 16.a3 Ba5 17.Be7 Rfe8 18.Bxd6 Nc4 19.Bf4 Nxb2 20.Qb1 Nc4 21.Rd1 Nde5 
22.N2c3 Ng6 23.Bg5 Bxc3 24.Nxc3 Nxa3 25.Rxa3 Rxa3 26.Qxb5 Qxb5 27.Nxb5 Ra2
28.Nd6 Re5 29.Bb3 Rb2 30.f4 Rxg5 0-1

[Event "58h World U20 ch"]
[Site "New Delhi IND"]
[Date "2019.10.17"]
[Round "3.5"]
[White "Karthikeyan, Murali"]
[Black "Aaryan, Varshney"]
[Result "1-0"]
[WhiteElo "2617"]
[BlackElo "2239"]
[EventDate "2019.10.15"]
[PlyCount "113"]

1.e4 e5 2.Nf3 Nf6 3.Nxe5 d6 4.Nc4 Nxe4 5.Qe2 Qe7 6.Ne3 Nf6 7.Nc3 Be6 8.d4 
d5 9.g4 h6 10.f4 c6 11.h3 Na6 12.Bd2 O-O-O 13.O-O-O Ne4 14.f5 Nxc3 15.Bxc3
Bd7 16.Qf2 Nc7 17.Bd3 Qd6 18.Ng2 Be7 19.Kb1 g5 20.a3 Qf6 21.Ne1 Ne6 22.Nf3
Nf4 23.Ne5 h5 24.Bd2 Nxd3 25.cxd3 Qg7 26.Rhe1 Bf6 27.Bb4 hxg4 28.hxg4 Rde8
29.Qc2 Bd8 30.Qa4 a6 31.Ba5 Bxa5 32.Qxa5 f6 33.Ng6 Rxe1 34.Rxe1 Re8 35.Rc1
Kb8 36.Qc5 Re3 37.Qd6+ Ka7 38.Qc7 Ka8 39.Rc3 Re8 40.Rb3 Rb8 41.Rc3 Rc8 42.
Qd6 Re8 43.Rc1 Ka7 44.Rh1 Kb6 45.Kc1 Ka7 46.Kd2 Bc8 47.Re1 Rxe1 48.Kxe1 
Qh6 49.Ne7 Qh1+ 50.Kd2 Qg2+ 51.Kc3 Qf1 52.Nxc8+ Ka8 53.Nb6+ Ka7 54.Nd7 
Qc1+ 55.Kb3 Qd1+ 56.Ka2 a5 57.Qc5+ 1-0

[Event "58h World U20 ch"]
[Site "New Delhi IND"]
[Date "2019.10.17"]
[Round "3.6"]
[White "Raghunandan, Kaumandur Srihari"]
[Black "Kollars, Dmitrij"]
[Result "1/2-1/2"]
[WhiteElo "2449"]
[BlackElo "2587"]
[EventDate "2019.10.15"]
[PlyCount "61"]

1.c4 Nf6 2.Nc3 e6 3.e4 d5 4.e5 d4 5.exf6 dxc3 6.bxc3 Qxf6 7.d4 b6 8.Be2 
Bb7 9.Bf3 Bxf3 10.Nxf3 Bd6 11.O-O O-O 12.Bg5 Qg6 13.Qa4 f6 14.Bh4 Qe8 15.
Qc2 Nd7 16.Rfe1 Qf7 17.Qe4 e5 18.Qc6 Rae8 19.Bg3 Re6 20.Qa4 Re7 21.Rad1 
Rfe8 22.dxe5 fxe5 23.Ng5 Qf5 24.Ne4 Nc5 25.Nxd6 cxd6 26.Qc6 Nb7 27.Qa4 Nc5
28.Qc6 Nb7 29.Qa4 Nc5 30.Qc6 Nb7 31.Qa4 1/2-1/2

[Event "58h World U20 ch"]
[Site "New Delhi IND"]
[Date "2019.10.17"]
[Round "3.7"]
[White "Hakobian, Aram"]
[Black "Murzin, Volodar"]
[Result "1/2-1/2"]
[WhiteElo "2561"]
[BlackElo "2433"]
[EventDate "2019.10.15"]
[PlyCount "131"]

1.e4 c6 2.d4 d5 3.e5 Bf5 4.Nd2 e6 5.Nb3 Nd7 6.Nf3 Ne7 7.Be2 Bg6 8.Nh4 c5 
9.c3 Nc6 10.Nxg6 hxg6 11.g3 Be7 12.O-O Qc7 13.Be3 O-O-O 14.f4 Kb8 15.Rf2 
cxd4 16.cxd4 Rc8 17.Rc1 Qb6 18.Bf1 Na5 19.Nxa5 Rxc1 20.Qxc1 Qxa5 21.Rc2 
Nb6 22.a3 Rc8 23.Rxc8+ Nxc8 24.Qc2 a6 25.g4 Bh4 26.Kg2 Na7 27.Bd2 Qb6 28.
Bc3 Be7 29.f5 gxf5 30.gxf5 Nc6 31.fxe6 fxe6 32.Qg6 Qb3 33.Qd3 Bd8 34.Be2 
Bb6 35.Bd1 Qc4 36.Qxc4 dxc4 37.Be2 Bxd4 38.Bxd4 Nxd4 39.Bxc4 Nc6 40.Bxe6 
Nxe5 41.b3 Kc7 42.h4 b5 43.Kg3 Kd6 44.Bg8 Nc6 45.Kf4 Nd4 46.Ke4 Nc2 47.a4 
bxa4 48.bxa4 Nb4 49.Kf5 Nc6 50.Bc4 a5 51.h5 Ke7 52.Ke4 Kd6 53.Kf4 Nd4 54.
Ba2 Ne2+ 55.Kf5 Ke7 56.Bc4 Nc3 57.Bb3 Kf8 58.Ke5 Nxa4 59.Bxa4 Kg8 60.Kf5 
Kh7 61.Kg5 Kh8 62.Kg6 Kg8 63.Bb3+ Kh8 64.h6 gxh6 65.Kxh6 a4 66.Bxa4 
1/2-1/2

[Event "58h World U20 ch"]
[Site "New Delhi IND"]
[Date "2019.10.17"]
[Round "3.8"]
[White "Harsha, Bharathakoti"]
[Black "Davtian, Artur"]
[Result "1/2-1/2"]
[WhiteElo "2530"]
[BlackElo "2418"]
[EventDate "2019.10.15"]
[PlyCount "83"]

1.d4 d5 2.c4 e6 3.Nf3 Nf6 4.g3 dxc4 5.Bg2 Nc6 6.Qa4 Bb4+ 7.Bd2 Nd5 8.Bxb4 
Nxb4 9.Nc3 Bd7 10.O-O a5 11.Qd1 O-O 12.e3 a4 13.Nxa4 Nxd4 14.Qxd4 Bxa4 15.
Qxc4 Qe7 16.Rfc1 Rfc8 17.a3 Nd5 18.Nd4 Nb6 19.Qb4 Qxb4 20.axb4 Rab8 21.b5 
c5 22.bxc6 Bxc6 23.Nxc6 bxc6 24.Bxc6 Kf8 25.Bg2 Kg8 26.Bc6 Kf8 27.b4 Rc7 
28.b5 Nc8 29.Rd1 Ke7 30.Ra8 Rb6 31.Rda1 Kf6 32.R1a6 Rxa6 33.Rxa6 Na7 34.
Be8 Rb7 35.Bc6 Nxc6 36.bxc6 Rc7 37.f4 Ke7 38.e4 e5 39.Kg2 exf4 40.gxf4 Kd6
41.e5+ Kd5 42.Kf3 1/2-1/2

[Event "58h World U20 ch"]
[Site "New Delhi IND"]
[Date "2019.10.17"]
[Round "3.9"]
[White "Agmanov, Zhandos"]
[Black "Visakh, Narayanan Rajeswari"]
[Result "1-0"]
[WhiteElo "2403"]
[BlackElo "2529"]
[EventDate "2019.10.15"]
[PlyCount "127"]

1.e4 c5 2.Nf3 d6 3.d4 cxd4 4.Nxd4 Nf6 5.Nc3 a6 6.Be3 e5 7.Nb3 Be6 8.h3 Be7
9.f4 exf4 10.Bxf4 Nc6 11.Qe2 Nd7 12.O-O-O Nde5 13.Qd2 Ng6 14.g3 O-O 15.Kb1
Nxf4 16.gxf4 Rc8 17.Be2 Bf6 18.Bg4 Bxc3 19.Qxc3 f5 20.Nc5 Bxa2+ 21.Kxa2 
fxg4 22.Ne6 Qf6 23.Nxf8 Qxc3 24.bxc3 Rxf8 25.f5 Re8 26.hxg4 Rxe4 27.Rhg1 
Rc4 28.Rxd6 Rxc3 29.Kb2 Rc4 30.Rd7 Rb4+ 31.Kc3 Rb5 32.Rgd1 Rc5+ 33.Kb2 
Rb5+ 34.Kc1 h5 35.gxh5 Rxf5 36.Rxb7 Rxh5 37.Rg1 Rh7 38.Rg6 Nd4 39.Kb2 Nf5 
40.Rxa6 Rh4 41.Rg6 Re4 42.Rg5 Ne7 43.c4 Kf7 44.Kc3 Kf6 45.Kd3 Re1 46.Rg2 
Nf5 47.Rb6+ Ke5 48.Rb5+ Kf6 49.Rf2 g6 50.Rb6+ Kg5 51.Rg2+ Kf4 52.Rbxg6 
Re3+ 53.Kd2 Rf3 54.R2g4+ Ke5 55.Ra6 Rf2+ 56.Ke1 Rf3 57.Ke2 Re3+ 58.Kf2 Re4
59.Re6+ Kxe6 60.Rxe4+ Kd6 61.Ke1 Kc6 62.Kd2 Nd6 63.Rf4 Kc5 64.Kc3 1-0

[Event "58h World U20 ch"]
[Site "New Delhi IND"]
[Date "2019.10.17"]
[Round "3.10"]
[White "Lobanov, Sergei"]
[Black "Anuj, Shrivatri"]
[Result "1/2-1/2"]
[WhiteElo "2516"]
[BlackElo "2390"]
[EventDate "2019.10.15"]
[PlyCount "75"]

1.e4 c5 2.Nf3 e6 3.d4 cxd4 4.Nxd4 Nc6 5.Nc3 Qc7 6.Be3 a6 7.Qd2 Nf6 8.O-O-O
Bb4 9.f3 Ne5 10.a3 Bxc3 11.Qxc3 Qxc3 12.bxc3 d5 13.exd5 Nxd5 14.Bd2 b5 15.
f4 Nc4 16.Bxc4 bxc4 17.Rhe1 O-O 18.g4 Bd7 19.f5 Rfe8 20.fxe6 Bxe6 21.Re5 
Bxg4 22.Rxd5 Bxd1 23.Kxd1 Re4 24.Be1 g6 25.Rc5 Rb8 26.Bg3 Rb1+ 27.Kd2 h5 
28.Be5 f6 29.Bxf6 Rf1 30.Bg5 Rf2+ 31.Kc1 Rxh2 32.Rxc4 Rg2 33.Rc8+ Kf7 34.
Rc7+ Ke8 35.Bf6 Rf2 36.Bg5 Rg2 37.Bf6 Rf2 38.Bg5 1/2-1/2

[Event "58h World U20 ch"]
[Site "New Delhi IND"]
[Date "2019.10.17"]
[Round "3.11"]
[White "Dobrovoljc, Vid"]
[Black "Iniyan, Panneerselvam"]
[Result "0-1"]
[WhiteElo "2389"]
[BlackElo "2509"]
[EventDate "2019.10.15"]
[PlyCount "72"]

1.d4 Nf6 2.c4 g6 3.Nc3 Bg7 4.e4 d6 5.h3 O-O 6.Be3 e5 7.d5 a5 8.g4 Na6 9.
Nge2 Nd7 10.h4 Nf6 11.f3 h5 12.g5 Nh7 13.Qd2 f6 14.Bg2 fxg5 15.hxg5 Nc5 
16.O-O-O a4 17.Kb1 Bd7 18.Rdf1 a3 19.b3 Qe7 20.Bh3 Bxh3 21.Rxh3 Rf7 22.Rg3
Raf8 23.Ng1 Rf4 24.Bxf4 exf4 25.Rg2 Nxg5 26.Kc2 Kh7 27.b4 Nd7 28.Kb3 c5 
29.b5 Bd4 30.Nb1 Ne5 31.Qe2 Qd8 32.Kc2 Qa5 33.Rxg5 Qa4+ 34.Kc1 Be3+ 35.Nd2
Nxc4 36.Rd1 Qb4 0-1

[Event "58h World U20 ch"]
[Site "New Delhi IND"]
[Date "2019.10.17"]
[Round "3.12"]
[White "Mendonca, Leon Luke"]
[Black "Kuybokarov, Temur"]
[Result "1/2-1/2"]
[WhiteElo "2388"]
[BlackElo "2501"]
[EventDate "2019.10.15"]
[PlyCount "185"]

1.d4 Nf6 2.c4 g6 3.Nc3 d5 4.cxd5 Nxd5 5.e4 Nxc3 6.bxc3 Bg7 7.Be3 c5 8.Rc1 
Qa5 9.Qd2 cxd4 10.cxd4 Qxd2+ 11.Bxd2 O-O 12.Nf3 Bg4 13.Be3 Nc6 14.d5 Bxf3 
15.gxf3 Nd4 16.Bh3 f5 17.Kf1 e6 18.dxe6 Nxe6 19.exf5 gxf5 20.Kg2 Bd4 21.
Rc2 Rad8 22.Rb1 b6 23.Rc6 Rf6 24.Kh1 Bxe3 25.fxe3 Rd2 26.Rg1+ Kf7 27.Bf1 
Rh6 28.Rg2 Rxg2 29.Bxg2 f4 30.exf4 Rh5 31.Bf1 Ke7 32.f5 Rxf5 33.Bh3 Re5 
34.Bxe6 Rxe6 35.Rc7+ Kf6 36.Rxa7 Re2 37.a4 h5 38.Rb7 h4 39.Rxb6+ Kf5 40.
Rb4 h3 41.Rg4 Rf2 42.Kg1 Ra2 43.Rh4 Rg2+ 44.Kh1 Ra2 45.Rxh3 Kf4 46.Rg3 Ke3
47.h4 Rxa4 48.Rh3 Ra6 49.h5 Rh6 50.Kg2 Kf4 51.Rh1 Kg5 52.Kg3 Kf6 53.Kg4 
Kg7 54.Kg5 Rb6 55.f4 Rb2 56.h6+ Kh7 57.f5 Rg2+ 58.Kf6 Ra2 59.Re1 Ra5 60.
Re2 Ra8 61.Re4 Ra2 62.Re3 Ra1 63.Rd3 Ra8 64.Rd2 Rf8+ 65.Ke6 Kxh6 66.f6 Ra8
67.Ke7 Kg6 68.Rg2+ Kh7 69.Rh2+ Kg6 70.Rg2+ Kh7 71.Rd2 Kg6 72.Rd7 Kh7 73.
Kf7 Kh6 74.Rc7 Kh7 75.Re7 Kh6 76.Rb7 Kh7 77.Rc7 Kh6 78.Re7 Kh7 79.Re6 Kh6 
80.Re3 Ra7+ 81.Re7 Ra8 82.Rc7 Kh7 83.Rd7 Kh6 84.Rd3 Ra7+ 85.Ke6 Kg6 86.
Rg3+ Kh7 87.Rd3 Kg6 88.Rd6 Rf7 89.Ke5 Ra7 90.Re6 Kf7 91.Re7+ Rxe7+ 92.fxe7
Kxe7 93.Ke4 1/2-1/2

[Event "58h World U20 ch"]
[Site "New Delhi IND"]
[Date "2019.10.17"]
[Round "3.14"]
[White "Costachi, Mihnea"]
[Black "Aronyak, Ghosh"]
[Result "1/2-1/2"]
[WhiteElo "2463"]
[BlackElo "2380"]
[EventDate "2019.10.15"]
[PlyCount "61"]

1.d4 d5 2.c4 dxc4 3.Nf3 Nf6 4.e3 e6 5.Bxc4 c5 6.O-O a6 7.Bb3 Nbd7 8.Nc3 b5
9.e4 cxd4 10.Qxd4 Bc5 11.Qd3 Qc7 12.Bg5 Bb7 13.Rac1 O-O 14.Rfd1 Ne5 15.
Nxe5 Qxe5 16.Bh4 b4 17.Bg3 Bxf2+ 18.Kxf2 Qc5+ 19.Kf1 bxc3 20.Bd6 Qg5 21.
Bxf8 Bxe4 22.Qe2 cxb2 23.Qxb2 Rxf8 24.Qd2 Qg6 25.Rc3 Ba8 26.Bc2 Ne4 27.Kg1
f5 28.Bxe4 Bxe4 29.Rg3 Qf6 30.Qc3 Qxc3 31.Rxc3 1/2-1/2

[Event "58h World U20 ch"]
[Site "New Delhi IND"]
[Date "2019.10.17"]
[Round "3.16"]
[White "Tabatabaei, Mohammadamin"]
[Black "Rakesh Kumar, Jena"]
[Result "1-0"]
[WhiteElo "2642"]
[BlackElo "2355"]
[EventDate "2019.10.15"]
[PlyCount "45"]

1.c4 e6 2.Nf3 Nf6 3.g3 d5 4.d4 Be7 5.Bg2 O-O 6.O-O dxc4 7.Qc2 b5 8.a4 b4 
9.Nfd2 Nd5 10.Nxc4 c5 11.dxc5 Na6 12.e4 Nf6 13.Rd1 Qc7 14.Bf4 Qxc5 15.Nbd2
Bd7 16.Nb3 Qc8 17.Qe2 Nc5 18.Nxc5 Qxc5 19.b3 Rfd8 20.Rac1 Be8 21.Nd6 Qh5 
22.Bf3 Qg6 23.h4 1-0

[Event "58h World U20 ch"]
[Site "New Delhi IND"]
[Date "2019.10.17"]
[Round "3.17"]
[White "Gholami, Aryan"]
[Black "Eugene, Floryan"]
[Result "1/2-1/2"]
[WhiteElo "2554"]
[BlackElo "2346"]
[EventDate "2019.10.15"]
[PlyCount "74"]

1.Nf3 Nf6 2.b3 d6 3.d4 g6 4.Bb2 Bg7 5.g3 c5 6.Bg2 cxd4 7.Nxd4 d5 8.O-O O-O
9.c4 e5 10.Nc2 d4 11.e3 Bg4 12.f3 Bf5 13.e4 Be6 14.Nb4 Qb6 15.Nd3 Nfd7 16.
f4 f6 17.Ba3 Rd8 18.Nd2 a5 19.fxe5 fxe5 20.Nf3 h6 21.Nh4 Kh7 22.Qc2 Na6 
23.Rac1 Ndc5 24.Nf3 Nxd3 25.Qxd3 Nc5 26.Bxc5 Qxc5 27.a4 Rf8 28.h4 Bg4 29.
Kh2 Ra6 30.Ne1 Rxf1 31.Qxf1 Rf6 32.Qd3 Qa3 33.Qc2 Rf2 34.Qxf2 Qxc1 35.Bf3 
Be6 36.h5 Qg5 37.hxg6+ Qxg6 1/2-1/2

[Event "58h World U20 ch"]
[Site "New Delhi IND"]
[Date "2019.10.17"]
[Round "3.19"]
[White "Nigmatov, Ortik"]
[Black "Audi, Ameya"]
[Result "0-1"]
[WhiteElo "2494"]
[BlackElo "2336"]
[EventDate "2019.10.15"]
[PlyCount "152"]

1.e4 e5 2.Nf3 Nc6 3.Bc4 Nf6 4.d3 Bc5 5.c3 a6 6.O-O d6 7.Bb3 O-O 8.Nbd2 Ba7
9.h3 h6 10.Re1 Nh5 11.Nf1 Qf6 12.Be3 Bxe3 13.fxe3 Qg6 14.Kh2 Na5 15.g4 
Nxb3 16.axb3 Qe6 17.d4 Nf6 18.Ng3 h5 19.Ng5 Nxg4+ 20.Kg2 Qh6 21.hxg4 Qxg5 
22.gxh5 Bg4 23.Qd3 Bxh5 24.Rh1 Bg6 25.Rh3 d5 26.Rah1 f6 27.dxe5 Bxe4+ 28.
Qxe4 dxe4 29.e6 Qh6 30.Rxh6 gxh6 31.Rxh6 Rae8 32.Nf5 Rxe6 33.Rg6+ Kf7 34.
Rg7+ Ke8 35.Rxc7 Rb6 36.Kg3 Kd8 37.Rg7 Rxb3 38.Nd4 Rb6 39.b4 Kc8 40.Kf4 
Re8 41.Nf5 Kb8 42.Rd7 Ree6 43.Nd4 Re5 44.Rg7 Rd6 45.Rf7 Re8 46.Kf5 Rc8 47.
Ne2 Rd2 48.Nd4 Rxc3 49.Kxe4 Rdd3 50.Nf5 Rd8 51.Rxf6 Rc4+ 52.Nd4 Rxb4 53.
Re6 Kc7 54.Kd3 Kd7 55.Rh6 Ra4 56.Ne6 Rc8 57.Nd4 Ra3+ 58.Kd2 Re8 59.Nf5 Re5
60.Rh7+ Kd8 61.Rf7 Raa5 62.Nd4 Ra2+ 63.Kd3 Ra3+ 64.Kc2 Re7 65.Rf8+ Kc7 66.
Nf5 Rh7 67.Kb2 Ra5 68.Kc3 Rd7 69.Nd4 Ra3+ 70.Nb3 Re7 71.Rf3 Re5 72.Kb4 Ra2
73.Nd4 Ra1 74.Nc2 Rc1 75.Na3 Re6 76.Nc4 Re4 0-1

[Event "58h World U20 ch"]
[Site "New Delhi IND"]
[Date "2019.10.17"]
[Round "3.20"]
[White "Parkhov, Yair"]
[Black "Arjun, Kalyan"]
[Result "1/2-1/2"]
[WhiteElo "2350"]
[BlackElo "2483"]
[EventDate "2019.10.15"]
[PlyCount "116"]

1.d4 d5 2.c4 e6 3.Nf3 Nf6 4.g3 dxc4 5.Bg2 Nc6 6.Qa4 Bd7 7.Qxc4 Na5 8.Qc2 
Rc8 9.Nc3 c5 10.O-O cxd4 11.Nxd4 Bb4 12.Bd2 Qb6 13.Nf3 Nc4 14.Rac1 O-O 15.
Qb3 h6 16.Rfd1 Bc5 17.Qxb6 Bxb6 18.Rc2 Bc6 19.Be1 Ng4 20.Rdc1 Rfd8 21.Nd1 
Nce5 22.Nxe5 Nxe5 23.Nc3 Bxg2 24.Kxg2 Ba5 25.Rd2 Rxd2 26.Bxd2 Nc4 27.Rc2 
b5 28.a3 a6 29.Kg1 Rd8 30.Bc1 f5 31.Kg2 Rc8 32.Nd1 Kf7 33.b3 Nd6 34.Rxc8 
Nxc8 35.Bb2 Bb6 36.Nc3 Nd6 37.e3 Bd8 38.Kf3 Bf6 39.Ke2 Ne4 40.Nxe4 Bxb2 
41.Nc5 Bxa3 42.Nxa6 Bd6 43.Kd3 e5 44.f3 h5 45.e4 g6 46.Kc3 Kf6 47.exf5 
gxf5 48.Nb4 Kg5 49.Nd5 h4 50.Kd3 Bc5 51.Ke2 Bg1 52.gxh4+ Kxh4 53.Nc7 Bxh2 
54.Nxb5 Kg3 55.Nd6 Kf4 56.b4 Bg1 57.b5 e4 58.fxe4 fxe4 1/2-1/2

[Event "58h World U20 ch"]
[Site "New Delhi IND"]
[Date "2019.10.17"]
[Round "3.21"]
[White "Rahul Srivatshav, P."]
[Black "O`Donnell, Conor"]
[Result "1-0"]
[WhiteElo "2460"]
[BlackElo "2345"]
[EventDate "2019.10.15"]
[PlyCount "67"]

1.d4 d5 2.c4 e6 3.Nc3 Nf6 4.cxd5 Nxd5 5.e4 Nxc3 6.bxc3 c5 7.Rb1 cxd4 8.
cxd4 Nc6 9.Nf3 Bb4+ 10.Bd2 Bxd2+ 11.Qxd2 O-O 12.Bb5 Qd6 13.O-O b6 14.d5 
Ne5 15.Nxe5 Qxe5 16.Bc6 Ba6 17.f4 Qd6 18.Rfc1 Rad8 19.e5 Qb8 20.d6 f6 21.
Qd4 Rf7 22.Qa4 Bd3 23.Rb3 Be2 24.Qe4 Bg4 25.Rbc3 g5 26.Bb5 Bf5 27.Qc4 a6 
28.Bxa6 b5 29.Qd4 Rff8 30.Rc7 gxf4 31.R1c6 Bg6 32.exf6 e5 33.Qxe5 f3 34.
gxf3 1-0

[Event "58h World U20 ch"]
[Site "New Delhi IND"]
[Date "2019.10.17"]
[Round "3.23"]
[White "Raja, Harshit"]
[Black "Jablonicky, Martin"]
[Result "1-0"]
[WhiteElo "2440"]
[BlackElo "2333"]
[EventDate "2019.10.15"]
[PlyCount "103"]

1.e4 g6 2.d4 Bg7 3.Nc3 d6 4.Nf3 Nf6 5.Bg5 c6 6.Qd2 Nbd7 7.Bh6 Bxh6 8.Qxh6 
Qa5 9.O-O-O b5 10.e5 b4 11.Nb1 dxe5 12.Bc4 e4 13.Ng5 Rf8 14.Rhe1 Nb6 15.
Bb3 Qf5 16.Nd2 Ng4 17.Qh4 Qxf2 18.Qxh7 Qf4 19.Nxe4 Qxh2 20.Bxf7+ Kd8 21.
Qxg6 Qh6 22.Qxh6 Nxh6 23.Bh5 Nd5 24.Nc4 Bf5 25.Bf3 Kc7 26.Nc5 Rae8 27.Ne3 
Nxe3 28.Rxe3 Ng4 29.Re2 Kd6 30.Nb7+ Kc7 31.Nc5 Kd6 32.Nb7+ Kc7 33.Na5 Nh2 
34.Bh5 Bg4 35.Bxg4 Nxg4 36.Re6 Rf6 37.Rde1 Kd7 38.R6e4 Rg6 39.Nc4 Kd8 40.
Na5 Kd7 41.Nb7 Nf2 42.Nc5+ Kd8 43.R4e2 Rxg2 44.Na6 Kd7 45.Nxb4 Rh2 46.Re6 
Rh1 47.Rxh1 Nxh1 48.Rh6 Ng3 49.Nxc6 Rf8 50.Ne5+ Kc7 51.c3 Rf2 52.a4 1-0

[Event "58h World U20 ch"]
[Site "New Delhi IND"]
[Date "2019.10.17"]
[Round "3.24"]
[White "Aditya, Mittal"]
[Black "Sterck, Arno"]
[Result "1-0"]
[WhiteElo "2430"]
[BlackElo "2331"]
[EventDate "2019.10.15"]
[PlyCount "47"]

1.d4 d5 2.c4 c6 3.Nf3 Nf6 4.Nc3 e6 5.Bg5 dxc4 6.e4 b5 7.e5 h6 8.Bh4 g5 9.
Nxg5 hxg5 10.Bxg5 Nbd7 11.g3 Bb7 12.Bg2 Qb6 13.exf6 O-O-O 14.O-O c5 15.d5 
b4 16.Rb1 Qa6 17.dxe6 Bxg2 18.e7 Bxf1 19.Qd5 Bd3 20.Qa8+ Nb8 21.Bf4 Qb6 
22.Nd5 Rxd5 23.e8=Q+ Rd8 24.Qxb8+ 1-0

[Event "58h World U20 ch"]
[Site "New Delhi IND"]
[Date "2019.10.17"]
[Round "3.25"]
[White "Tica, Sven"]
[Black "Garidmagnai, Byambasuren"]
[Result "0-1"]
[WhiteElo "2418"]
[BlackElo "2327"]
[EventDate "2019.10.15"]
[PlyCount "98"]

1.d4 Nf6 2.Nf3 g6 3.Nc3 d5 4.Bf4 Bg7 5.Nb5 Na6 6.e3 O-O 7.h3 c6 8.Nc3 Nc7 
9.Be2 Nce8 10.O-O Nd6 11.Ne5 Nd7 12.Nd3 f6 13.Bxd6 exd6 14.Bf3 f5 15.g3 
Nf6 16.h4 Ne4 17.Ne2 Be6 18.Nef4 Bf7 19.Kg2 a5 20.a4 h6 21.Rh1 c5 22.c3 c4
23.Nc1 b5 24.Nce2 Qd7 25.axb5 Rfb8 26.Ra2 Rxb5 27.Qc2 Qb7 28.g4 fxg4 29.
Bxg4 Rb8 30.Rb1 Qe7 31.Rh1 h5 32.Bf3 Bf6 33.Ng3 Re8 34.Qa4 Rbb8 35.Qxa5 
Bxh4 36.Nxd5 Qg5 37.Rxh4 Qxh4 38.Nxe4 Rxe4 39.Nf6+ Qxf6 40.Bxe4 d5 41.Bf3 
Qg5+ 42.Kf1 Qf5 43.Kg2 Be6 44.Be2 Rf8 45.f3 Qh3+ 46.Kf2 Qh4+ 47.Kg2 Bh3+ 
48.Kh2 Bg4+ 49.Kg2 Qh3+ 0-1

[Event "58h World U20 ch"]
[Site "New Delhi IND"]
[Date "2019.10.17"]
[Round "3.28"]
[White "Hollan, Martin"]
[Black "Wagh, Suyog"]
[Result "1/2-1/2"]
[WhiteElo "2403"]
[BlackElo "2229"]
[EventDate "2019.10.15"]
[PlyCount "100"]

1.Nf3 Nf6 2.c4 c5 3.Nc3 b6 4.g3 Bb7 5.Bg2 e6 6.O-O Be7 7.d4 cxd4 8.Qxd4 d6
9.b3 O-O 10.Bb2 a6 11.Rfd1 Nbd7 12.Ng5 Bxg2 13.Kxg2 Qc7 14.Nge4 Rfd8 15.
Rac1 Nc5 16.f3 Qb7 17.Nxf6+ Bxf6 18.Qd2 d5 19.cxd5 exd5 20.Na4 Bxb2 21.
Nxc5 bxc5 22.Qxb2 Rac8 23.Rd2 Re8 24.Rcd1 d4 25.Qc2 Re3 26.Rd3 Re5 27.e4 
Rf8 28.Qc4 a5 29.a3 Rb8 30.Rb1 h6 31.Rd2 Rxe4 32.Qxc5 Re3 33.Qf5 Rxb3 34.
Rxb3 Qxb3 35.Qxa5 Qe3 36.Rf2 d3 37.Qd2 Qd4 38.Qc1 Rd8 39.Rd2 Re8 40.Qd1 
Re3 41.a4 Qd5 42.a5 g5 43.Kf2 Qd4 44.Kg2 h5 45.a6 g4 46.fxg4 hxg4 47.a7 
Qe4+ 48.Kf2 Rf3+ 49.Kg1 Qd4+ 50.Kg2 Qxa7 1/2-1/2

[Event "58h World U20 ch"]
[Site "New Delhi IND"]
[Date "2019.10.17"]
[Round "3.29"]
[White "Milikow, Yoav"]
[Black "Di Benedetto, Edoardo"]
[Result "1/2-1/2"]
[WhiteElo "2199"]
[BlackElo "2401"]
[EventDate "2019.10.15"]
[PlyCount "120"]

1.d4 Nf6 2.c4 e6 3.Nc3 Bb4 4.Qc2 d5 5.a3 Bxc3+ 6.Qxc3 O-O 7.Nf3 dxc4 8.
Qxc4 b6 9.Bg5 Ba6 10.Qa4 c5 11.Rd1 Qd7 12.Qc2 cxd4 13.Bxf6 gxf6 14.Nxd4 
Rd8 15.e3 Bxf1 16.Rxf1 Qb7 17.Ke2 Nd7 18.Qc6 Qa6+ 19.Qb5 Qxb5+ 20.Nxb5 a6 
21.Nd6 Nc5 22.Rd4 Nb3 23.Rg4+ Kf8 24.Rd1 b5 25.Rb4 Na5 26.Rbd4 Ke7 27.R4d3
Nc6 28.f4 Ra7 29.g4 h6 30.b4 Rc7 31.R1d2 Ra7 32.h3 Rc7 33.h4 Ra7 34.h5 Rc7
35.Ne4 Rxd3 36.Kxd3 a5 37.bxa5 Nxa5 38.Rb2 f5 39.gxf5 exf5 40.Nc3 Rd7+ 41.
Ke2 Nc4 42.Rxb5 Rd2+ 43.Ke1 Rd3 44.Nd1 Kf6 45.a4 Nxe3 46.Rb6+ Kg7 47.Ke2 
Rxd1 48.Kxe3 Re1+ 49.Kf3 Rf1+ 50.Kg3 Rg1+ 51.Kf2 Ra1 52.Ra6 Rh1 53.Ra5 
Rxh5 54.Kg2 Kg6 55.Ra6+ f6 56.Rb6 Rh4 57.Rb4 Rg4+ 58.Kh2 Rh4+ 59.Kg2 Rg4+ 
60.Kh2 Rh4+ 1/2-1/2

[Event "58h World U20 ch"]
[Site "New Delhi IND"]
[Date "2019.10.17"]
[Round "3.30"]
[White "Sammed Shete, Jaykumar"]
[Black "Sivathanujan, Sivanathan"]
[Result "1-0"]
[WhiteElo "2392"]
[BlackElo "1766"]
[EventDate "2019.10.15"]
[PlyCount "47"]

1.e4 e6 2.d4 d5 3.Nd2 c5 4.exd5 Qxd5 5.dxc5 Bxc5 6.Ngf3 Nf6 7.Bc4 Qd8 8.
O-O O-O 9.a3 a5 10.Qe2 Qc7 11.Nb3 Be7 12.Nbd4 Bd7 13.Re1 Kh8 14.Bg5 Na6 
15.Rad1 Nc5 16.Ne5 Rad8 17.Qf3 Be8 18.b3 Nd5 19.Bxe7 Qxe7 20.Bxd5 Rxd5 21.
Qxd5 f6 22.Nef3 Qc7 23.Nxe6 Nxe6 24.Qxe6 1-0

[Event "58h World U20 ch"]
[Site "New Delhi IND"]
[Date "2019.10.17"]
[Round "3.32"]
[White "Rajdeep, Sarkar"]
[Black "Papadiamandis, Elliot"]
[Result "1/2-1/2"]
[WhiteElo "2384"]
[BlackElo "2190"]
[EventDate "2019.10.15"]
[PlyCount "150"]

1.c4 e5 2.Nc3 Nf6 3.Nf3 Nc6 4.g3 d5 5.cxd5 Nxd5 6.Bg2 Nb6 7.O-O Be7 8.a3 
O-O 9.b4 Be6 10.Rb1 f6 11.d3 a5 12.b5 Nd4 13.Nd2 Qc8 14.e3 Nf5 15.Qc2 Rd8 
16.Bb2 Nd6 17.Rfd1 a4 18.Rdc1 Ra5 19.Ba1 Ne8 20.Bb2 Nd6 21.Nce4 Nxb5 22.
Nc5 Bxc5 23.Qxc5 Qa8 24.Qb4 c6 25.Nc4 Ra6 26.Nxb6 Rxb6 27.Rd1 Ra6 28.d4 
exd4 29.Bxd4 Bb3 30.Re1 Qc8 31.Bf1 Qf5 32.Rbc1 Bd5 33.e4 Bxe4 34.Bxf6 Qxf6
35.Rxe4 Raa8 36.Bxb5 cxb5 37.Qxb5 Rf8 38.Rf4 Qd6 39.Rxf8+ Rxf8 40.Qxa4 Qd2
41.Qc4+ Kh8 42.Qc5 Re8 43.Kg2 h6 44.Rc4 b6 45.Qd4 Qxd4 46.Rxd4 Re2 47.h4 
Ra2 48.Rd3 Rb2 49.h5 b5 50.g4 Kg8 51.Kg3 b4 52.axb4 Rxb4 53.f4 Rb5 54.Rd4 
Kf7 55.Kh4 Rb1 56.g5 hxg5+ 57.fxg5 Rh1+ 58.Kg4 Rg1+ 59.Kf4 Rh1 60.Rd7+ Ke6
61.Rxg7 Rh4+ 62.Kg3 Rxh5 63.Kg4 Rh1 64.Rb7 Rh8 65.Rb3 Kf7 66.Kf5 Ra8 67.
Rb7+ Kg8 68.Rb6 Kg7 69.Rb7+ Kg8 70.Kg6 Ra6+ 71.Kh5 Rc6 72.Re7 Ra6 73.Kg4 
Ra4+ 74.Kf5 Ra5+ 75.Kf6 Ra6+ 1/2-1/2

[Event "58h World U20 ch"]
[Site "New Delhi IND"]
[Date "2019.10.17"]
[Round "3.33"]
[White "De Silva, Lasal M. S. T."]
[Black "Wang Shixu"]
[Result "0-1"]
[WhiteElo "1879"]
[BlackElo "2370"]
[EventDate "2019.10.15"]
[PlyCount "115"]

1.e4 c5 2.Nf3 Nc6 3.Bb5 e6 4.O-O Nge7 5.Re1 a6 6.Bf1 d5 7.exd5 Nxd5 8.d4 
Nf6 9.dxc5 Qxd1 10.Rxd1 Bxc5 11.Nc3 b5 12.Bg5 Be7 13.g3 Bb7 14.Bg2 Rc8 15.
Bxf6 gxf6 16.Nd4 Na5 17.Bxb7 Nxb7 18.Rac1 Na5 19.Nce2 f5 20.c3 Bg5 21.f4 
Bf6 22.Kf2 Ke7 23.Kf3 Rc7 24.h3 h5 25.Ra1 Nc4 26.b3 Nb6 27.Rd3 Rhc8 28.Rc1
Kf8 29.Rcd1 Kg7 30.Rg1 Bxd4 31.Rxd4 Nd5 32.g4 fxg4+ 33.hxg4 hxg4+ 34.Rxg4+
Kf6 35.Rd3 Nxc3 36.Ng3 Nxa2 37.f5 exf5 38.Rf4 Rc3 39.Ne4+ Ke5 40.Nxc3 Nxc3
41.Rfd4 Rh8 42.Rd7 Rh3+ 43.Kg2 Rxd3 44.Rxd3 Nd5 45.Kf3 Kd6 46.Rd4 a5 47.
Rh4 Kc5 48.Rh5 Kb4 49.Rxf5 Nc3 50.Ke3 Kxb3 51.Kd4 a4 52.Rf3 b4 53.Kc5 a3 
54.Rxf7 a2 55.Rf1 Nb1 56.Rf3+ Kc2 57.Rf2+ Nd2 58.Kd4 0-1

[Event "58h World U20 ch"]
[Site "New Delhi IND"]
[Date "2019.10.17"]
[Round "3.35"]
[White "Aravindh, Chithambaram"]
[Black "Pranav, V."]
[Result "1-0"]
[WhiteElo "2609"]
[BlackElo "2308"]
[EventDate "2019.10.15"]
[PlyCount "99"]

1.e4 e5 2.Nf3 Nc6 3.Bb5 a6 4.Ba4 Nf6 5.O-O b5 6.Bb3 Bc5 7.a4 Rb8 8.c3 d6 
9.d4 Bb6 10.a5 Ba7 11.h3 O-O 12.Be3 Ra8 13.Nbd2 Bb7 14.Re1 h6 15.Qc2 exd4 
16.cxd4 Nb4 17.Qc3 c5 18.d5 Re8 19.Bf4 Rc8 20.Bg3 Nh5 21.Nf1 Rc7 22.Rad1 
c4 23.Qxb4 Bc5 24.Qc3 cxb3 25.Qxb3 Rce7 26.Nd4 Bxd4 27.Rxd4 Qxa5 28.Re3 
Qb6 29.Qd1 Nf6 30.f3 b4 31.Bf2 a5 32.Re1 Nh5 33.Ne3 Bc8 34.Nc4 Qd8 35.Qa4 
Bxh3 36.Qxa5 Rc7 37.e5 dxe5 38.d6 Qg5 39.g4 Rd7 40.Nxe5 Nf6 41.f4 Rxe5 42.
Qa8+ Kh7 43.fxg5 Rxg5 44.Bh4 Rg6 45.Bxf6 gxf6 46.Qf3 Bxg4 47.Rxg4 Rxd6 48.
Rxg6 fxg6 49.Qb7+ Kg8 50.Re8# 1-0